Famous People With Consecutive Initials - Statistics

General Stats
  • This quiz has been taken 30 times
  • The average score is 8 of 20
Answer Stats
Hint Answer % Correct
Eldest daughter of question 6 Liza Minnelli
87%
Actress who played Mrs Robinson Anne Bancroft
74%
UK Singer who had hits with Got My Mind Set On You & My Sweet Lord George Harrison
70%
Actress who became a US Ambassador Shirley Temple
61%
American singer who had a hit with Circle In The Sand Belinda Carlisle
52%
Former drummer who had solo hits with Photograph and You're Sixteen Ringo Starr
52%
UK novelist who's books included The Tenant Of Wildfell Hall & Agnes Grey Anne Bronte
48%
UK singer who had hits included Hold Me Close & Oh What A Circus David Essex
48%
Real name of Judy Garland Frances Gumm
48%
UK singer who had hits with Queen Of Hearts & I Hear You Knocking Dave Edmunds
43%
US singer who had hits with Misty and The Streak Ray Stevens
39%
Author of the Adrian Mole books Sue Townsend
39%
UK Novelist who died in 1870 Charles Dickens
35%
US actor who played the Riddler in the 1960's Batman TV series Frank Gorshin
30%
Scottish TV presenter who hosted the TV series 'Coast' and now works for GB News Neil Oliver
17%
Canadian Jazz Pianist who died in 2007 Oscar Peterson
17%
UK Singer who had early 90's hits including a cover of Waterloo Sunset Cathy Dennis
13%
Guitarist with the pop group The Bay City Rollers Eric Faulkner
13%
Lead Singer of The Village People Victor Willis
13%
American writer who died in 1969 Jack Kerouac
9%
No matching quizzes found
Score Distribution
Percent of People with Each Score
Percentile by Number Answered
Your Score History
You have not taken this quiz